00576nam a22001697a 4500020001800000040000900018082001300027100002500040110002800065245005300093250001600146260004800162650006100210942001300271999001900284952010300303 a9780131274983 cNust a532bVER aVersteeg, K H991272 aMalalasekera, W9123708 aAn Introduction to Computational Fluid Mechanics a2nd Edition aHarlow:bPearson Education Services,c2007. aAn Introduction to Computational Fluid Mechanics9123709 2ddccREF c609805d609805 00102ddc4070aCEMEbCEMEcREFd2024-06-14l0o532 VERpCEME- 49661r2024-06-14w2024-06-14yREF